Samstagabendshows - Statistiken

Allgemein
  • Dieses Quiz wurde 201 mal gespielt
  • Das Durchschnittsergebnis liegt bei 6 aus 20
Antwortstatistiken
Jahre Sender Gastgeber Show % Korrekt
1981–2014, seit 2021 ZDF/ORF/SRF Frank Elstner, Thomas Gottschalk, Wolfgang Lippert, Markus Lanz, Michelle Hunziker Wetten, dass..?
89%
seit 1980 ARD/ORF/SRF Diverse, darunter Kurt & Paola Felix, Karl Dall, Harald Schmidt, Guido Cantz uvm. Verstehen Sie Spaß?
63%
2006–2015 ProSieben Matthias Opdenhövel, Steven Gätjen Schlag den Raab
49%
2004-2021 ZDF . . . Willkommen bei {Carmen} {Nebel}
48%
seit 2011 ARD/ORF/SRF Kai Pflaume Klein gegen Groß - Das unglaubliche Duell
39%
1992–2000, 2008, 2012–2013 RTL/ZDF Linda de Mol, Susan Sideropoulos & Yared Dibaba (Neuauflage) Traumhochzeit
36%
1974–1979, 2014 ARD Rudi Carrell, Jörg Pilawa (Neuauflage) Am laufenden Band
32%
1964–1966, 1968–1969, 1979–1987, 1998, 2014 ARD Hans-Joachim Kulenkampff, Jörg Kachelmann, Jörg Pilawa (beide Neuauflage) Einer wird gewinnen
30%
1965–1967, 1968–1973 ARD . . . {Rudi} {Carrell} Show
26%
1993–2000 RTL Ulla Kock am Brink, Franklin Die 100.000 Mark Show
23%
1972–1992 DDR-F1/ARD Diverse, darunter Manfred Uhlig, Lutz Stückrath, Horst Köbbert, Wolfgang Lippert, Helga Hahnemann uvm. Ein Kessel Buntes
22%
seit 2006 ARD Jörg Pilawa, Eckart von Hirschhausen Frag doch mal die Maus
21%
1989–2001, 2014 ARD Jürgen von der Lippe Geld oder Liebe
21%
1988–1995 ARD Michael Schanze Flitterabend
14%
1986–1989 ARD Mike Krüger Vier gegen Willi
12%
1977–1986 ARD Joachim Fuchsberger Auf Los geht's los
9%
1984–1987 ARD Rudi Carrell Die verflixte 7
7%
1969–1995 ZDF/ORF/ARD . . . {Peter}-{Alexander}-Show
4%
2018-2020 ARD/ORF/SRF Jörg Pilawa Ich weiß alles!
3%
1973–1975 ARD Joachim Fuchsberger Der heiße Draht
2%
Keine übereinstimmenden Quizze gefunden
Verteilung der Resultate
Anzahl Personen mit jedem Resultat
Perzentil nach korrekt beantworteten Fragen
Ihre Resultats-Entwicklung
Sie haben dieses Quiz noch nicht gespielt